书目信息 |
| 题名: |
城镇人居环境改善与保障关键技术集成示范
|
|
| 作者: | 杨建荣 主编 | |
| 分册: | ||
| 出版信息: | 北京 中国建筑工业出版社 2010 |
|
| 页数: | 12,243页 | |
| 开本: | 26cm | |
| 丛书名: | ||
| 单 册: | ||
| 中图分类: | TU26 | |
| 科图分类: | ||
| 主题词: | 城镇--居住环境--研究--中国 , 城镇--建筑设计 | |
| 电子资源: | ||
| ISBN: | 978-7-112-12413-8 | |
| 000 | 00922nam0 2200229 450 | |
| 001 | 0100004445 | |
| 005 | 20191103101335.10 | |
| 010 | @a978-7-112-12413-8@dCNY68.00 | |
| 100 | @a20101216d2010 em y0chiy50 ea | |
| 101 | 0 | @achi |
| 102 | @aCN@b110000 | |
| 105 | @aa z 000yy | |
| 200 | 1 | @a城镇人居环境改善与保障关键技术集成示范@f杨建荣主编@Acheng zhen ren ju huan jing gai shan yu bao zhang guan jian ji shu ji cheng shi fan |
| 210 | @a北京@c中国建筑工业出版社@d2010 | |
| 215 | @a12,243页@c彩图@d26cm | |
| 330 | @a本书分为四篇,分别围绕办公类、场馆类、住宅类、园区类示范工程的特点,通过总计十四个工程展开介绍。这些示范工程分布在华东、华北、华南和西南等多个地域,建筑规模从几千平方米到数十万平方米不等。 | |
| 606 | 0 | @a城镇@x居住环境@x研究@y中国 |
| 606 | 0 | @a城镇@x建筑设计 |
| 690 | @aTU26@v4 | |
| 701 | 0 | @a杨建荣@f(1956~)@4主编@Ayang jian rong |
| 801 | 0 | @aCN@c20160515 |
| 905 | @a河南城建学院图书馆@dTU26@eY205 | |
| 城镇人居环境改善与保障关键技术集成示范/杨建荣主编.-北京:中国建筑工业出版社,2010 |
| 12,243页:彩图;26cm |
| ISBN 978-7-112-12413-8:CNY68.00 |
| 本书分为四篇,分别围绕办公类、场馆类、住宅类、园区类示范工程的特点,通过总计十四个工程展开介绍。这些示范工程分布在华东、华北、华南和西南等多个地域,建筑规模从几千平方米到数十万平方米不等。 |
| ● |
| 相关链接 |
|
|
|
正题名:城镇人居环境改善与保障关键技术集成示范
索取号:TU26/Y205
 
预约/预借
| 序号 | 登录号 | 条形码 | 馆藏地/架位号 | 状态 | 备注 |
| 1 | 1283699 | 212836993 | 建筑库101/101建筑库 72排3列2层/ [索取号:TU26/Y205] | 在馆 | |
| 2 | 1283700 | 212837000 | 建筑库101/101建筑库 72排3列2层/ [索取号:TU26/Y205] | 在馆 | |
| 3 | 1283701 | 212837019 | 建筑库101/101建筑库 72排3列2层/ [索取号:TU26/Y205] | 在馆 | |
| 4 | 1449880 | 214498809 | 建筑库101/101建筑库 72排3列2层/ [索取号:TU26/Y205] | 在馆 | |
| 5 | 1449881 | 214498818 | 建筑库101/101建筑库 72排3列2层/ [索取号:TU26/Y205] | 在馆 | |
| 6 | 1449882 | 214498827 | 建筑库101/101建筑库 72排3列2层/ [索取号:TU26/Y205] | 在馆 |